EL protoidioma en El Horizonte nos existe de Iliana Alvarez González
Saved in:
| Main Author: | |
|---|---|
| Format: | Book |
| Language: | Spanish |
| Published: |
Ciudad de México
Frente de Afirmación Hispanista
2000
|
| Subjects: | |
| Tags: |
Add Tag
No Tags, Be the first to tag this record!
|
MARC
| LEADER | 00000nam a2200000 a 4500 | ||
|---|---|---|---|
| 001 | UCO2417 | ||
| 003 | CL-VaPUC | ||
| 008 | 000602e20000000MX |||||||||||||||||spa|d | ||
| 082 | 0 | 4 | |a Cu861 |b ALV |2 21 |
| 100 | 0 | |a Alvarez González, Ileana |e author |9 445568 | |
| 245 | 1 | 3 | |a EL protoidioma en El Horizonte nos existe de Iliana Alvarez González |
| 300 | |a 60 p | ||
| 942 | |c BK | ||
| 945 | |d 20000602 00:00:00 |a rbrito | ||
| 260 | |a Ciudad de México |b Frente de Afirmación Hispanista |c 2000 | ||
| 650 | 0 | |a Poesías cubanas |9 316897 | |
| 583 | |a last modification |c 20000602 00:00:00 |k Rodrigo Vera | ||
| 999 | |c 288928 |d 288926 | ||
| 952 | |0 0 |1 0 |4 0 |6 CU_861_000000000000000_ALV_2000 |7 0 |8 A |9 336923 |a BIBEDU |b BIBEDU |d 2019-11-20 |i 3623548 |o Cu861 ALV 2000 |p 3623548 |r 2019-11-20 |w 2019-11-20 |y BK |k LIT | ||